000 00427pab a2200157 454500
008 180718b1985 xxu||||| |||| 00| 0 eng d
100 _aDunn, Kenneth B.
245 _aAn analysis of mortgage contracting
_bPrepayment penalities and the due - on - sale clause
260 _c1985
300 _a293-308
362 _aMar.
650 _aMortgage
700 _aChester S. Spatt
773 _aJournal of Finance
909 _a13745
999 _c13745
_d13745